000 00714nam a2200193Ia 4500
003 GCL
008 140319s9999 xx 000 0 ara d
040 _aGCL /
_cGCL
082 0 4 _aد
_b050
100 1 _aاحمد فؤاد بلبع
245 1 0 _aالصراع على القمة : مستقبل المنافسة الاقتصادية بين امريكا واليابان (عالم المعرفة 204) /
_cاحمد فؤاد بلبع
700 1 _aثارو، لستر
300 _a382 ص
490 _aعالم المعرفة
_v0
650 0 4 _aالاقتصاد
650 0 4 _aالولايات المتحدة الامريكية - الاقتصاد
650 0 4 _aاليابان - الاقتصاد
942 _2ddc
_cBK
999 _c46189
_d46189